| 000 | 01318cam a22003135a 4500 | ||
|---|---|---|---|
| 001 | 16777109 | ||
| 005 | 20170319104051.0 | ||
| 008 | 110513s2011 enka grb 001 0 eng d | ||
| 010 | _a 2011281965 | ||
| 020 | _a9781848856097 | ||
| 020 | _a9781848852471 (series) | ||
| 035 | _a(OCoLC)ocn646098965 | ||
| 040 |
_aYDXCP _beng _cYDXCP _dBWX _dIQU _dDLC _dEG-ScBUE |
||
| 043 | _ae-uk--- | ||
| 082 | 0 | 4 |
_a325.320941 _bMAT _222 |
| 100 | 1 | _aMatikkala, Mira. | |
| 245 | 1 | 0 |
_aEmpire and imperial ambition : _bliberty, Englishness and anti-imperialism in late-Victorian Britain / _cMira Matikkala. |
| 260 |
_aLondon ; _aNew York : _bI. B. Tauris ; _aNew York : _bDistributed in the U.S. and Canada exclusively by Palgrave Macmillan, _c2011. |
||
| 300 |
_aviii, 288 p. : _bill. ; _c22 cm. |
||
| 490 | 0 |
_aLibrary of Victorian studies ; _vv. 4 |
|
| 500 | _aIncludes index. | ||
| 504 | _aBibliography : p. [266]-282. | ||
| 505 | 0 | _aThe debate on economy and imperial expansion -- The ethics of imperialism and anti-imperialism -- The constitutional and political debate on the empire. | |
| 650 | 7 |
_aAnti-imperialist movements _zGreat Britain _xHistory _y19th century. _2BUEsh |
|
| 650 | 7 |
_aImperialism. _2BUEsh |
|
| 651 | 7 |
_aGreat Britain _xForeign relations _y19th century. _2BUEsh |
|
| 653 |
_bBUSBOL _cMarch2017 |
||
| 942 | _2ddc | ||
| 999 |
_c24463 _d24435 |
||